书目信息 |
| 题名: |
西方当代新媒体艺术
|
|
| 作者: | 王秋凡 著 | |
| 分册: | ||
| 出版信息: | 沈阳 辽宁画报出版社 2002 |
|
| 页数: | 127页 | |
| 开本: | 21cm | |
| 丛书名: | 西方当代艺术丛书 | |
| 单 册: | ||
| 中图分类: | J11 | |
| 科图分类: | ||
| 主题词: | 多媒体--技术--应用--图象处理--艺术评论--西方国家 , CT--S900565--多媒体 , CT--S075659--图象处理 , CT--S088398--艺术评论 | |
| 电子资源: | ||
| ISBN: | 7-80601-396-2 | |
| 000 | 01092nam0 2200313 45 | |
| 001 | 012002068464 | |
| 005 | 20031219104119.8 | |
| 010 | @a7-80601-396-2@dCNY35.00 | |
| 100 | @a20020830d2002 em y0chiy0110 ea | |
| 101 | 0 | @achi |
| 102 | @aCN@b210000 | |
| 105 | @aa z 000yy | |
| 106 | @ar | |
| 200 | 1 | @a西方当代新媒体艺术@9xi fang dang dai xin mei ti yi shu@f王秋凡著 |
| 210 | @a沈阳@c辽宁画报出版社@d2002 | |
| 215 | @a127页@c图@d21cm | |
| 225 | 2 | @a西方当代艺术丛书 |
| 314 | @a王秋凡(女,1967~),生于辽宁省沈阳市,现为鲁迅美术学院《美苑》杂志社编辑。著有《米开朗基罗传导读》等。 | |
| 330 | @a本书主要内容包括:追根溯源;影像艺术;观念影像艺术;影像装置;新媒体艺术五部分。 | |
| 461 | 0 | @12001 @a西方当代艺术丛书 |
| 510 | 1 | @aWestern Contemporary New Media Art@zeng |
| 606 | 0 | @a多媒体@x技术@x应用@x图象处理@x艺术评论@y西方国家 |
| 606 | 0 | @2CT@3S900565@a多媒体 |
| 606 | 0 | @2CT@3S075659@a图象处理 |
| 606 | 0 | @2CT@3S088398@a艺术评论 |
| 690 | @aJ11@v4 | |
| 701 | 0 | @a王秋凡@9wang qiu fan@4著 |
| 801 | @aCN@bTSTC@c20031011 | |
| 905 | @a213230@b326817-819@dJ11@f3@e42 | |
| 西方当代新媒体艺术/王秋凡著.-沈阳:辽宁画报出版社,2002 |
| 127页:图;21cm.-(西方当代艺术丛书) |
| ISBN 7-80601-396-2:CNY35.00 |
| 本书主要内容包括:追根溯源;影像艺术;观念影像艺术;影像装置;新媒体艺术五部分。 |
| ● |
| 相关链接 |
|
|
|
|
正题名:西方当代新媒体艺术
索取号:J11/42
 
预约/预借
| 序号 | 登录号 | 条形码 | 馆藏地/架位号 | 状态 | 备注 |
| 1 | 0326817 | 203268178 | 第一借阅区/ [索取号:J11/42] | 在馆 | |
| 2 | 0326818 | 203268187 | 第一借阅区/ [索取号:J11/42] | 在馆 | |
| 3 | 0326819 | 203268196 | 第一样本阅览室/ [索取号:J11/42] | 在馆 |